Poor and pregnant in New Delhi, India / (Record no. 36390)

MARC details
000 -LEADER
fixed length control field 01087nam a22002657a 4500
005 - DATE AND TIME OF LATEST TRANSACTION
control field 20100529153134.0
008 - FIXED-LENGTH DATA ELEMENTS--GENERAL INFORMATION
fixed length control field 100529t xxu||||| |||| 00| 0 eng d
010 ## - LCCN (DPL NO)
LC control number ENG-96197
020 ## - INTERNATIONAL STANDARD BOOK NUMBER
International Standard Book Number 9788121512152
Terms of availability 695.00
035 ## - SYSTEM CONTROL NUMBER
System control number EN-79730
037 ## - SOURCE OF ACQUISITION
Source of stock number/acquisition DBAD/PUB
040 ## - CATALOGING SOURCE
Original cataloging agency DPL
Language of cataloging Eng
082 ## - DEWEY DECIMAL CLASSIFICATION NUMBER
Classification number 362.1982420095456
100 ## - MAIN ENTRY--PERSONAL NAME
Personal name Vallianatos, Helen
9 (RLIN) 21644
245 ## - TITLE STATEMENT
Title Poor and pregnant in New Delhi, India /
Statement of responsibility, etc by Helen Vallianatos
260 ## - PUBLICATION, DISTRIBUTION, ETC. (IMPRINT)
Place of publication, distribution, etc New Delhi
Name of publisher, distributor, etc Munshirm Manoharlal Publishers
Date of publication, distribution, etc 2010
270 ## - ADDRESS
Address 54 Rani Jhansi Road,
City New Delhi
Postal code 110055
300 ## - PHYSICAL DESCRIPTION
Extent xiii, 247p,;
Dimensions 22cm. (pbk)
Other physical details ill., map
500 ## - GENERAL NOTE
General note includes bibliographical references and index
650 ## - SUBJECT ADDED ENTRY--TOPICAL TERM
Topical term or geographic name as entry element Pregnancy -- India -- New Delhi -- Nutritional aspects.
9 (RLIN) 21645
650 ## - SUBJECT ADDED ENTRY--TOPICAL TERM
Topical term or geographic name as entry element Pregnant women -- Nutrition -- India -- New Delhi.
9 (RLIN) 21646
650 ## - SUBJECT ADDED ENTRY--TOPICAL TERM
Topical term or geographic name as entry element Poor women -- Nutrition -- India -- New Delhi.
9 (RLIN) 21647
942 ## - ADDED ENTRY ELEMENTS (KOHA)
Source of classification or shelving scheme Dewey Decimal Classification
Item type English Books
Call number suffix VAL
Classification part 362.1982420095456
Holdings
Withdrawn status Lost status Source of classification or shelving scheme Materials specified (bound volume or other part) Damaged status Not for loan Collection code Home library Current library Date acquired Source of acquisition Cost, normal purchase price Total Checkouts Full call number Barcode Date last seen Copy number Cost, replacement price Koha item type
    Dewey Decimal Classification Pbk   Not For Loan Non-fiction D.B.Act.Division D.B.Act.Division 03/05/2010 DBAD/PUB 695.00   VAL EN-79730 29/05/2010 1 695.00 English Books

© Delhi Public Library
Hit Counter
free hit counter